Une lettre suffit pour répondre juste #107 (attention 10 lettres tuent) - Statistiques

Statistiques générales
  • Ce quiz a été pris 90 fois
  • Le résultat moyen est 3 sur 6
Statistiques - réponses
Hint Réponse % Correct
Donne une des 5 lettres du prénom de 5 lettres de la miss France couronnée ici par Marine Lorphelin (élections pour Miss France 2014) : _ _ _ _ _
FLORA (Coquerel)
100%
Donne une des 4 lettres qui complète le nom de ces petites dragées de forme oblate (d'environ 12 mm de diamètre et 5 mm d'épaisseur), en huit couleurs différentes (rouge, orange, jaune, vert, bleu, mauve, rose et marron), composées de chocolat au lait (65 %) et d'arômes naturels :
_ _ ar_ _es
SMTI (Smarties)
83%
Donne une des 3 lettres qui complète le nom de la région de Nouvelle-Zélande en rouge ci-dessous : _anterb_ r _
CUY(CanterbUrY)
36%
Donne une des 2 lettres qui complète la locution latine signifiant « Où vas-tu ? » :
_uo _adis ?
QV (Quo vadis ?)
32%
Donne la lettre qui complète le nom de la chanson de Chuck Berry interprété par Marty McFly (Michael J. Fox) dans cet extrait de Retour vers le Futur : Johnny _. Goode
B (Johnny B. Goode)
31%
Donne la lettre qui forme les initiales (1ere lettre du prénom et du nom) de ce président de l'Association des médecins urgentistes de France ici en photo :
P (Patrick Pelloux)
13%
Aucun quiz correspondant
Distribution des résultats
% des personnes avec chaque résultat
Percentile par nombre de réponses
Votre historique - résultats
Vous n’avez pas pris ce quiz